| 000 | 00769nam a2200265 a 4500 | ||
|---|---|---|---|
| 003 | AR-BaBNM | ||
| 005 | 20251128210125.0 | ||
| 008 | 082120s2002 ||||||||||||||000 | spa|| | ||
| 020 | _a958-04-0729-0 | ||
| 040 | _cAR-BaBNM | ||
| 100 | 1 | _aMolina Llorente, María Isabel | |
| 245 | 0 | 0 | _aEl misterio del hombre que desapareció |
| 260 |
_aSantafé de Bogotá _bNorma _c1997 |
||
| 300 |
_a109 p. _bil. |
||
| 490 | 0 |
_aTorre de papel. Torre azul _vv. 18 |
|
| 500 | _aSe recomienda para niños a partir de nueve años | ||
| 650 | 4 | _aLITERATURA INFANTIL | |
| 650 | 4 | _aLIBROS PARA NIÑOS | |
| 650 | 4 | _aLITERATURA ESPAÑOLA | |
| 653 | _aNOVELA POLICIAL | ||
| 655 | _aLITERATURA | ||
| 700 | 1 |
_aPeña, José Guillermo _eilustrador |
|
| 942 | _cBK | ||
| 998 | _cMARTIN | ||
| 999 |
_c14144 _d14144 |
||